Nemecký jazyk. Nemecko-slovenský a slovensko-nemecký slovník Cestovný ruch, hotelierstvo, gastronómia

Saved in:
Bibliographic Details
Main Author: Bohušová, Eva
Corporate Author: Vysoká škola ekonomická v Bratislave. Fakulta ekonomiky služieb a cestovného ruchu v Banskej Bystrici
Format: Book
Language:Slovak
Published: Bratislava VŠE 1992
Edition:1. vyd.
Subjects:
Tags: Add Tag
No Tags, Be the first to tag this record!

MARC

LEADER 00000nam a2200000 4500
001 c000765
005 20221214090103.1
020 |a 80-225-0337-1 
041 0 |a slo 
044 |a SK 
245 1 0 |a Nemecký jazyk. Nemecko-slovenský a slovensko-nemecký slovník  |b Cestovný ruch, hotelierstvo, gastronómia  |c Eva Bohušová a kol. 
250 |a 1. vyd. 
264 1 |a Bratislava  |b VŠE  |c 1992 
300 |a 250 s. 
610 2 0 |a ruch cestovný 
610 2 0 |a hotelierstvo 
610 2 0 |a gastronómia 
100 1 |a Bohušová, Eva 
710 2 |a Vysoká škola ekonomická v Bratislave. Fakulta ekonomiky služieb a cestovného ruchu v Banskej Bystrici